000 00247nam a2200097Ia 4500
008 230508s1994 xx 000 0 und d
041 _aeng
100 _aABBOTT MM & VANNESS H.C.
245 _aTHEORY AND PROBLEMS OF THERMODYNAMICS.
260 _c1994
999 _c316832
_d316832